Generator Puzzle #57 - Statistics

General Stats
  • This quiz has been taken 212 times
  • The average score is 14 of 23
Answer Stats
Hint Answer % Correct
13 to 19-year old teen
94%
most birds' home nest
93%
what Van Gogh damaged ear
92%
payment to landlord rent
92%
clean and orderly neat
82%
Russian ruler tsar
82%
... how I wonder what you are star
81%
goes into enters
80%
deciduous or evergreen tree
77%
Italian volcano Etna
75%
gets closer to nears
74%
strict, serious part of a boat? stern
70%
to wipe out erase
69%
Bo Derek's score ten
68%
governing council senate
66%
H, the Greek letter eta
41%
empty vehicle weight tare
37%
brusquely concise terse
36%
7-letter word EASTERN
33%
small mountain lake tarn
33%
7-letter word NEAREST
31%
7-letter word EARNEST
22%
sharp mountain ridge arete
17%
No matching quizzes found
Score Distribution
Percent of People with Each Score
Percentile by Number Answered
Your Score History
You have not taken this quiz